<?xml version="1.0" encoding="UTF-8"?>
<record
    xmlns:xsi="http://www.w3.org/2001/XMLSchema-instance"
    xsi:schemaLocation="http://www.loc.gov/MARC21/slim http://www.loc.gov/standards/marcxml/schema/MARC21slim.xsd"
    xmlns="http://www.loc.gov/MARC21/slim">

  <leader>00354nam a2200157Ia 4500</leader>
  <datafield tag="999" ind1=" " ind2=" ">
    <subfield code="c">5873</subfield>
    <subfield code="d">5873</subfield>
  </datafield>
  <controlfield tag="003">OSt</controlfield>
  <controlfield tag="008">191201s2014    xx            000 0 und d</controlfield>
  <datafield tag="082" ind1=" " ind2=" ">
    <subfield code="a">624.1821</subfield>
    <subfield code="b">DUD</subfield>
  </datafield>
  <datafield tag="100" ind1=" " ind2=" ">
    <subfield code="a">DUGGAL, SK</subfield>
  </datafield>
  <datafield tag="245" ind1=" " ind2="0">
    <subfield code="a">Design of Steel Structures</subfield>
  </datafield>
  <datafield tag="250" ind1=" " ind2=" ">
    <subfield code="a">19th</subfield>
  </datafield>
  <datafield tag="260" ind1=" " ind2=" ">
    <subfield code="a">N. delhi</subfield>
    <subfield code="b">TMH</subfield>
    <subfield code="c">2014</subfield>
  </datafield>
  <datafield tag="300" ind1=" " ind2=" ">
    <subfield code="a">839</subfield>
  </datafield>
  <datafield tag="650" ind1=" " ind2=" ">
    <subfield code="a">B.Tech(CE)</subfield>
  </datafield>
  <datafield tag="942" ind1=" " ind2=" ">
    <subfield code="2">ddc</subfield>
    <subfield code="c">BK</subfield>
    <subfield code="0">13</subfield>
  </datafield>
  <datafield tag="952" ind1=" " ind2=" ">
    <subfield code="0">0</subfield>
    <subfield code="1">0</subfield>
    <subfield code="2">ddc</subfield>
    <subfield code="4">0</subfield>
    <subfield code="7">0</subfield>
    <subfield code="8">BTECHCE</subfield>
    <subfield code="a">PIET</subfield>
    <subfield code="b">PIET</subfield>
    <subfield code="d">2014-03-19</subfield>
    <subfield code="e">IBH, New Delhi</subfield>
    <subfield code="g">580.00</subfield>
    <subfield code="k">22960</subfield>
    <subfield code="l">1</subfield>
    <subfield code="o">624.1821 DUD</subfield>
    <subfield code="p">23798</subfield>
    <subfield code="q">2022-07-19</subfield>
    <subfield code="r">2022-01-20 00:00:00</subfield>
    <subfield code="s">2022-01-20</subfield>
    <subfield code="v">400.89</subfield>
    <subfield code="w">2014-03-12</subfield>
    <subfield code="y">BK</subfield>
  </datafield>
  <datafield tag="952" ind1=" " ind2=" ">
    <subfield code="0">0</subfield>
    <subfield code="1">0</subfield>
    <subfield code="2">ddc</subfield>
    <subfield code="4">0</subfield>
    <subfield code="7">0</subfield>
    <subfield code="8">BTECHCE</subfield>
    <subfield code="a">PIET</subfield>
    <subfield code="b">PIET</subfield>
    <subfield code="d">2014-03-19</subfield>
    <subfield code="e">IBH, New Delhi</subfield>
    <subfield code="g">580.00</subfield>
    <subfield code="k">22960</subfield>
    <subfield code="l">3</subfield>
    <subfield code="o">624.1821 DUD</subfield>
    <subfield code="p">23799</subfield>
    <subfield code="r">2022-06-06 00:00:00</subfield>
    <subfield code="s">2022-05-23</subfield>
    <subfield code="v">400.89</subfield>
    <subfield code="w">2014-03-12</subfield>
    <subfield code="y">BK</subfield>
  </datafield>
  <datafield tag="952" ind1=" " ind2=" ">
    <subfield code="0">0</subfield>
    <subfield code="1">0</subfield>
    <subfield code="2">ddc</subfield>
    <subfield code="4">0</subfield>
    <subfield code="7">0</subfield>
    <subfield code="8">BTECHCE</subfield>
    <subfield code="a">PIET</subfield>
    <subfield code="b">PIET</subfield>
    <subfield code="d">2014-03-19</subfield>
    <subfield code="e">IBH, New Delhi</subfield>
    <subfield code="g">580.00</subfield>
    <subfield code="k">22960</subfield>
    <subfield code="l">1</subfield>
    <subfield code="o">624.1821 DUD</subfield>
    <subfield code="p">23800</subfield>
    <subfield code="q">2020-11-10</subfield>
    <subfield code="r">2020-10-27 00:00:00</subfield>
    <subfield code="s">2020-10-27</subfield>
    <subfield code="v">400.89</subfield>
    <subfield code="w">2014-03-12</subfield>
    <subfield code="y">BK</subfield>
  </datafield>
  <datafield tag="952" ind1=" " ind2=" ">
    <subfield code="0">0</subfield>
    <subfield code="1">0</subfield>
    <subfield code="2">ddc</subfield>
    <subfield code="4">0</subfield>
    <subfield code="7">0</subfield>
    <subfield code="8">BTECHCE</subfield>
    <subfield code="a">PIET</subfield>
    <subfield code="b">PIET</subfield>
    <subfield code="d">2014-03-19</subfield>
    <subfield code="e">IBH, New Delhi</subfield>
    <subfield code="g">580.00</subfield>
    <subfield code="k">22960</subfield>
    <subfield code="l">13</subfield>
    <subfield code="o">624.1821 DUD</subfield>
    <subfield code="p">23801</subfield>
    <subfield code="r">2026-04-21 15:00:19</subfield>
    <subfield code="s">2026-04-07</subfield>
    <subfield code="v">400.89</subfield>
    <subfield code="w">2014-03-12</subfield>
    <subfield code="y">BK</subfield>
  </datafield>
  <datafield tag="952" ind1=" " ind2=" ">
    <subfield code="0">0</subfield>
    <subfield code="1">0</subfield>
    <subfield code="2">ddc</subfield>
    <subfield code="4">0</subfield>
    <subfield code="7">0</subfield>
    <subfield code="8">BTECHCE</subfield>
    <subfield code="a">PIET</subfield>
    <subfield code="b">PIET</subfield>
    <subfield code="d">2014-03-19</subfield>
    <subfield code="e">IBH, New Delhi</subfield>
    <subfield code="g">580.00</subfield>
    <subfield code="k">22960</subfield>
    <subfield code="l">5</subfield>
    <subfield code="o">624.1821 DUD</subfield>
    <subfield code="p">23802</subfield>
    <subfield code="r">2023-06-13 00:00:00</subfield>
    <subfield code="s">2023-05-30</subfield>
    <subfield code="v">400.89</subfield>
    <subfield code="w">2014-03-12</subfield>
    <subfield code="y">BK</subfield>
  </datafield>
  <datafield tag="952" ind1=" " ind2=" ">
    <subfield code="0">0</subfield>
    <subfield code="1">0</subfield>
    <subfield code="2">ddc</subfield>
    <subfield code="4">0</subfield>
    <subfield code="7">0</subfield>
    <subfield code="8">BTECHCE</subfield>
    <subfield code="a">PIET</subfield>
    <subfield code="b">PIET</subfield>
    <subfield code="d">2014-03-19</subfield>
    <subfield code="e">IBH, New Delhi</subfield>
    <subfield code="g">580.00</subfield>
    <subfield code="k">22960</subfield>
    <subfield code="l">8</subfield>
    <subfield code="o">624.1821 DUD</subfield>
    <subfield code="p">23803</subfield>
    <subfield code="r">2025-06-27 00:00:00</subfield>
    <subfield code="s">2025-06-12</subfield>
    <subfield code="v">400.89</subfield>
    <subfield code="w">2014-03-12</subfield>
    <subfield code="y">BK</subfield>
  </datafield>
  <datafield tag="952" ind1=" " ind2=" ">
    <subfield code="0">0</subfield>
    <subfield code="1">0</subfield>
    <subfield code="2">ddc</subfield>
    <subfield code="4">0</subfield>
    <subfield code="7">0</subfield>
    <subfield code="8">BTECHCE</subfield>
    <subfield code="a">PIET</subfield>
    <subfield code="b">PIET</subfield>
    <subfield code="d">2014-03-19</subfield>
    <subfield code="e">IBH, New Delhi</subfield>
    <subfield code="g">580.00</subfield>
    <subfield code="k">22960</subfield>
    <subfield code="l">3</subfield>
    <subfield code="o">624.1821 DUD</subfield>
    <subfield code="p">23804</subfield>
    <subfield code="r">2024-05-08 00:00:00</subfield>
    <subfield code="s">2024-04-24</subfield>
    <subfield code="v">400.89</subfield>
    <subfield code="w">2014-03-12</subfield>
    <subfield code="y">BK</subfield>
  </datafield>
  <datafield tag="952" ind1=" " ind2=" ">
    <subfield code="0">0</subfield>
    <subfield code="1">0</subfield>
    <subfield code="2">ddc</subfield>
    <subfield code="4">0</subfield>
    <subfield code="7">0</subfield>
    <subfield code="8">BTECHCE</subfield>
    <subfield code="a">PIET</subfield>
    <subfield code="b">PIET</subfield>
    <subfield code="d">2014-03-19</subfield>
    <subfield code="e">IBH, New Delhi</subfield>
    <subfield code="g">580.00</subfield>
    <subfield code="k">22960</subfield>
    <subfield code="l">3</subfield>
    <subfield code="o">624.1821 DUD</subfield>
    <subfield code="p">23805</subfield>
    <subfield code="r">2026-05-11 12:43:51</subfield>
    <subfield code="s">2026-05-09</subfield>
    <subfield code="v">400.89</subfield>
    <subfield code="w">2014-03-12</subfield>
    <subfield code="y">BK</subfield>
  </datafield>
  <datafield tag="952" ind1=" " ind2=" ">
    <subfield code="0">0</subfield>
    <subfield code="1">0</subfield>
    <subfield code="2">ddc</subfield>
    <subfield code="4">0</subfield>
    <subfield code="7">0</subfield>
    <subfield code="8">BTECHCE</subfield>
    <subfield code="a">PIET</subfield>
    <subfield code="b">PIET</subfield>
    <subfield code="d">2014-03-19</subfield>
    <subfield code="e">IBH, New Delhi</subfield>
    <subfield code="g">580.00</subfield>
    <subfield code="k">22960</subfield>
    <subfield code="l">1</subfield>
    <subfield code="o">624.1821 DUD</subfield>
    <subfield code="p">23806</subfield>
    <subfield code="r">2022-05-30 00:00:00</subfield>
    <subfield code="s">2022-05-16</subfield>
    <subfield code="v">400.89</subfield>
    <subfield code="w">2014-03-12</subfield>
    <subfield code="y">BK</subfield>
  </datafield>
  <datafield tag="952" ind1=" " ind2=" ">
    <subfield code="0">0</subfield>
    <subfield code="1">0</subfield>
    <subfield code="2">ddc</subfield>
    <subfield code="4">0</subfield>
    <subfield code="7">0</subfield>
    <subfield code="8">BTECHCE</subfield>
    <subfield code="a">PIET</subfield>
    <subfield code="b">PIET</subfield>
    <subfield code="d">2014-03-19</subfield>
    <subfield code="e">IBH, New Delhi</subfield>
    <subfield code="g">580.00</subfield>
    <subfield code="k">22960</subfield>
    <subfield code="l">2</subfield>
    <subfield code="o">624.1821 DUD</subfield>
    <subfield code="p">23807</subfield>
    <subfield code="r">2023-06-12 00:00:00</subfield>
    <subfield code="s">2023-05-29</subfield>
    <subfield code="v">400.89</subfield>
    <subfield code="w">2014-03-12</subfield>
    <subfield code="y">BK</subfield>
  </datafield>
</record>
